| 000 | 00689nam a2200241 i 4500 | ||
|---|---|---|---|
| 001 | 16876 | ||
| 003 | ES-MaACL | ||
| 007 | t| | ||
| 008 | 001117s1986 sp ||||0| spa j ..| | ||
| 015 | _a1988-ENE-1988-DIC-19392 | ||
| 016 | 7 | _zSAB9000005644 | |
| 020 | _a84-505-3517-4 | ||
| 040 |
_aM-BN-DP _bspa _cM-BN-DP |
||
| 080 | _a860-14"19" | ||
| 100 | 1 |
_aRozas, Juan Manuel. _9100249 |
|
| 245 | 1 | 0 |
_aOstinato / _cJuan Manuel Rozas. |
| 260 |
_aBadajoz : _bDiputación Provincial, _cD.L. 1986. |
||
| 300 |
_a93 p ; _c21 cm. |
||
| 490 | 1 |
_aColección Alcazaba ; _v5 |
|
| 830 | 0 |
_aColección Alcazaba ; _v5 _9180056 |
|
| 852 |
_aES-MaACL _jG-3254 _bR.113600 |
||
| 999 |
_c16876 _d16876 |
||